000 00553nam a22002057a 4500
003 OSt
005 20220107122730.0
008 140219b xxu||||| |||| 00| 0 eng d
020 _a9788126519637
040 _cIIITM-K
082 _a658.4012 GRA/C
100 _aGrant, Robert M
_93100
245 _aContemporary strategic management:
_bCase studies
_cby Robert M Grant
250 _a6th ed.
260 _aNew Delhi,
_bWiley,
_c2008.
300 _axiii, 347p.
650 _aMANAGEMENT
_93101
650 _aSTRATEGIC MANAGEMENT
_93102
942 _2ddc
_cBK
999 _c3572
_d3572